Data interpretaation for all competitive exams : (Record no. 132882)
[ view plain ]
| 000 -LEADER | |
|---|---|
| fixed length control field | 00881nam a22002537a 4500 |
| 005 - DATE AND TIME OF LATEST TRANSACTION | |
| control field | 20170124110201.0 |
| 010 ## - LIBRARY OF CONGRESS CONTROL NUMBER | |
| LC control number | B-060112 |
| 020 ## - INTERNATIONAL STANDARD BOOK NUMBER | |
| International Standard Book Number | 8176030201 |
| Terms of availability | 100.00 |
| 035 ## - SYSTEM CONTROL NUMBER | |
| System control number | B-060112 |
| 037 ## - SOURCE OF ACQUISITION | |
| Source of stock number/acquisition | Cen Lib/Ret |
| 040 ## - CATALOGING SOURCE | |
| Original cataloging agency | DPL |
| Language of cataloging | EN |
| 082 ## - DEWEY DECIMAL CLASSIFICATION NUMBER | |
| Classification number | 001.4225 |
| Item number | PUR |
| 100 ## - MAIN ENTRY--PERSONAL NAME | |
| Personal name | Puri, Manish |
| 9 (RLIN) | 36030 |
| 245 ## - TITLE STATEMENT | |
| Title | Data interpretaation for all competitive exams : |
| Statement of responsibility, etc | by Manish Puri, P. Julka [and] S Bhasin |
| Remainder of title | containing study material and 1700 objective type expected questions / |
| 250 ## - EDITION STATEMENT | |
| Edition statement | 3rd ed |
| 260 ## - PUBLICATION, DISTRIBUTION, ETC. (IMPRINT) | |
| Place of publication, distribution, etc | New Delhi |
| Name of publisher, distributor, etc | IIMS Publications |
| Date of publication, distribution, etc | 1999 |
| 270 ## - ADDRESS | |
| Address | 6/18, jangpura extention, near masjid road |
| City | New Delhi |
| Postal code | 110014 |
| 300 ## - PHYSICAL DESCRIPTION | |
| Extent | 214p. |
| Dimensions | 25cm(Hb) |
| 650 ## - SUBJECT ADDED ENTRY--TOPICAL TERM | |
| Topical term or geographic name as entry element | Computer science |
| 9 (RLIN) | 88946 |
| 650 ## - SUBJECT ADDED ENTRY--TOPICAL TERM | |
| Topical term or geographic name as entry element | Data interpretation |
| General subdivision | Exercises etc. |
| 9 (RLIN) | 36032 |
| 700 ## - ADDED ENTRY--PERSONAL NAME | |
| Personal name | Julka, P |
| 9 (RLIN) | 36033 |
| 700 ## - ADDED ENTRY--PERSONAL NAME | |
| Personal name | Bhasin, S. |
| 9 (RLIN) | 36034 |
| 942 ## - ADDED ENTRY ELEMENTS (KOHA) | |
| Source of classification or shelving scheme | Dewey Decimal Classification |
| Koha item type | English Books |
| Classification part | 001.4225 |
| Call number suffix | PUR |
| Withdrawn status | Lost status | Damaged status | Not for loan | Home library | Current library | Date acquired | Source of acquisition | Cost, normal purchase price | Total Checkouts | Full call number | Barcode | Date last seen | Date checked out | Copy number | Cost, replacement price | Price effective from | Koha item type |
|---|---|---|---|---|---|---|---|---|---|---|---|---|---|---|---|---|---|
| Central Library | Central Library | 24/07/2015 | Cen Lib/Ret | 100.00 | 2 | 001.4225 PUR | B-060112 | 08/11/2017 | 24/10/2017 | 1 | 100.00 | 15/09/2016 | English Books |
